000 01132nam a22003017a 4500
005 20211101120459.0
008 211101b2019 my ||||| |||| 00| 0 my d
020 2 0 _a9789674128241
_c1
020 2 0 _cRM 24.00
040 0 4 _aAKMAL
082 0 4 _a616.1025 ISM
090 0 0 _a616.1025
_b ISM
100 0 _a Ismail Mohd Saiboon
_99286
245 1 0 _a FIT-CPR :
_b KAEDAH BAGI MENYELAMATKAN NYAWA MELALUI TEKNIK 5-T /
_cISMAIL MOHD SAIBOON, MOHD HISHAM MOHD ISA, AZLAN HELMY ABD SAMAT, MOHD JOHAR JAAFAR
264 1 _aBangi, Selangor
_bPenerbit Universiti Kebangsaan Malaysia
_c2019
300 _a78 pages
_billustrations, photographs
_c23cm
500 _a Includes questions and answers
500 _a Includes index
504 _aBibliography: pages [65]-67
650 1 0 _aCPR (First aid)
_99287
650 2 0 _a Cardiac arrest
_xTreatment
_99288
650 2 0 _aCardiac resuscitation
_99289
650 2 0 _aGovernment publications
_zMalaysia
_99290
700 0 _a Mohd. Hisham Mohd. Isa
_eauthor.
_99291
700 0 _a Azlan Helmy Abd. Samat
_eauthor.
_99292
700 0 _aMohd. Johar Jaafa
_eauthor.
_99293
942 _2ddc
_cBOOK
999 _c4901
_d4901